000 01787cam a22005174i 4500
003 PE-LiUPU
005 20250731184511.0
008 160921s r 000 0 spa d
020 _a8432059544
035 _a(Sirsi) a163667
040 _aPE-LiUPU
_bspa
_cPE-LiUPU
_erda
041 1 _aspa
_heng
049 _aPRUA
082 0 4 _a901
_bF92
_220
100 1 _aFukuyama, Francis,
_eautor.
245 1 3 _aEl fin de la historia y el último hombre /
_cFrancis Fukuyama.
264 _aBogotá :
_bPlaneta,
_c1992.
300 _a474 páginas ;
_c21 centímetros.
336 _atext
_2rdacontent
337 _aunmediated
_2rdamedia
338 _avolume
_2rdacarrier
490 0 _aDocumento;
_v306
504 _aBibliografía : páginas 449-461.
504 _aÍndice: páginas 465-474.
505 0 _aUna vieja pregunta formulada de nuevo -- La vejez de la humanidad -- La lucha por el reconocimiento.
526 _aP136
526 _aP135
526 _aP134
526 _aP133
526 _aP144
526 _aP143
526 _aP87
526 _aP35
526 _aP20
526 _aP14
526 _aP10
526 _aP06
534 _pTítulo orignal :
_tThe end of history anda the last man.
910 _ajck
_bncf
_cncf
_d20160921
942 _2ddc
_cBOOK
949 _a901 F92
_wDEWEY
_c1
_i74575
_lCATALOGING
_mBUL
_p18.53
_r0
_sY
_tBOOK
_u21/09/16
_xEDUCACION
_PP19
_0DONACION
_o.STAFF. Colección Ciencias Humanas y Educación
994 _aC0
_bPEPRU
596 _a1
999 _a901 F92
_wDEWEY
_c12531
_i74575
_d12531
_e2018-4-24
_f2021-11-8
_g5
_lCCODEBUL1
_mBUL
_n1
_p18.53
_q2
_r0
_sY
_tBOOK
_u2016-9-21
_xBIBLIOTECA
_PP19
_0COMPRA
_o.STAFF. Colección Ciencias Humanas y Educación
980 _81
_gALBERTO SANCHEZ Responsable de Automatización